MARC details
| 000 -CABECERA |
| campo de control de longitud fija |
01456nam a2200229 a 4500 |
| 001 - NÚMERO DE CONTROL |
| campo de control |
000023240 |
| 005 - FECHA Y HORA DE LA ÚLTIMA TRANSACCIÓN |
| campo de control |
20200930022100.0 |
| 008 - DATOS DE LONGITUD FIJA--INFORMACIÓN GENERAL |
| campo de control de longitud fija |
101130s1995 mx a r 000 | spa d |
| 020 ## - NÚMERO INTERNACIONAL ESTÁNDAR DEL LIBRO |
| Número Internacional Estándar del Libro |
9686898484 |
| 040 ## - FUENTE DE LA CATALOGACIÓN |
| Centro catalogador/agencia de origen |
DO-SdBNP |
| Lengua de catalogación |
spa |
| Centro/agencia transcriptor |
BNPHU |
| 082 ## - NÚMERO DE LA CLASIFICACIÓN DECIMAL DEWEY |
| Número de clasificación |
xxx |
| Número de documento/Ítem |
E24c |
| 049 ## - FONDOS LOCALES (OCLC) |
| Fondos de biblioteca |
BNGR |
| 245 10 - MENCIÓN DE TÍTULO |
| Título |
Educación y cultura : |
| Resto del título |
revista de los maestros españoles en el exilio, 1940 / |
| Mención de responsabilidad, etc. |
selección y presentación de textos Valentina Cantón Arjona. |
| 260 ## - PUBLICACIÓN, DISTRIBUCIÓN, ETC. |
| Lugar de publicación, distribución, etc. |
México : |
| Nombre del editor, distribuidor, etc. |
Universidad Pedagógica Nacional, |
| Fecha de publicación, distribución, etc. |
1995. |
| 300 ## - DESCRIPCIÓN FÍSICA |
| Extensión |
127 p. : |
| Otras características físicas |
il. ; |
| Dimensiones |
22 cm. |
| 440 #0 - MENCIÓN DE SERIE/PUNTO DE ACCESO ADICIONAL--TÍTULO |
| Título |
Textos, |
| Designación de volumen o secuencia |
2 |
| 9 (RLIN) |
14460 |
| 500 ## - NOTA GENERAL |
| Nota general |
Incluye notas y citas al pie de páginas |
| 500 ## - NOTA GENERAL |
| Nota general |
Incluye bibliografía |
| 505 ## - NOTA DE CONTENIDO CON FORMATO |
| Título |
Luis Vives y el humanismo / |
| Mención de responsabilidad |
Joaquín Xirau |
| Título |
Ideas pedagógicas de Luis Vives / |
| Mención de responsabilidad |
Emilia Elías de Ballesteros |
| Título |
Don Francisco Giner de los Ríos |
| -- |
En el v aniversario de Manuel B. Cossío |
| -- |
El maestro, la escuela y el material de enseñanza / |
| Mención de responsabilidad |
Manuel B. Cossío |
| Título |
Libertad y vocación / |
| Mención de responsabilidad |
Joaquín Xirau |
| Título |
Método de educación y estructura horizontal de la vida psíquica / |
| Mención de responsabilidad |
Juan Roura-Parella |
| Título |
La labor educativa de la República Española (1931-1939) |
| -- |
La formación de los maestros en la República Española / |
| Mención de responsabilidad |
Florentino M. Torner |
| Título |
La reforma de inspección en la República Española / |
| Mención de responsabilidad |
Antonio Ballesteros Usado |
| Título |
La segunda república y enseñanza superior en España / |
| Mención de responsabilidad |
José Gaos |
| 700 1# - PUNTO DE ACCESO ADICIONAL--NOMBRE DE PERSONA |
| Nombre de persona |
Cantón Arjona, Valentina |
| Término indicativo de función/relación |
comp. |
| 9 (RLIN) |
47861 |
| 830 #0 - PUNTO DE ACCESO ADICIONAL DE SERIE-TÍTULO UNIFORME |
| Título uniforme |
Textos, |
| Designación de volumen o secuencia |
2 |
| 9 (RLIN) |
14460 |